Začali spravodajstvom : TV Reduta v zahrievacom kole

Podrobná bibliografia
Hlavný autor: (mal) (Author)
Médium: Článok
Jazyk:Slovak
Témy:
Zdroj: 1. Lúč 1. Roč. 3, č. 253(1994), dát. 1103, s. 3
LEADER 00751nab#a2200289#ar4500
001 000010821
003 SVKKK
005 00000000000000.0
008 c xo e sloo
FMT
038 |a SVKKK 
040 |a SVKKK  |b slo  |e AACR2 
041 0 |a slo 
044 |a xo  |c SK 
080 |a 654.19  |2 1981 
100 0 |a (mal)  |4 aut 
245 1 0 |a Začali spravodajstvom :  |b TV Reduta v zahrievacom kole  |c (mal) , 
650 0 4 |a TV Reduta (stanica televízna), Spišská Nová Ves  |x vysielanie  |x zahájenie  |x informácie 
773 0 |t Lúč  |g Roč. 3, č. 253(1994), dát. 1103, s. 3 
957 |a Spišská Nová Ves 
958 |a RE 
958 |a SN 
974 |d 960126  |a Čr 
992 |a RBX 
BAS
852 |a SVKKK  |b BIB 
998 |a REG